000 01003cam a22003257a 4500
003 CHAP
005 20220329135001.0
008 971013s1970 r 00010 d
010 _a29056
011 _a30028
035 _a34139
040 _cCHAP
082 _a001.6424
_bM34
100 0 0 _aMcKeeman, William M.
_973629
245 1 2 _aA compiler generator
260 _aEnglewood Cliffs, N.J. :
_bPrentice-Hall,
_c1970
300 _a527 p
490 0 _aSeries in automatic computation
590 _aBATCH-UPD
_b10
_c20130110
_lUCH01
_h1936
590 _aBATCH-UPD
_b10
_c20130410
_lUCH01
_h1259
590 _aBATCH-UPD
_b10
_c20130914
_lUCH01
_h1721
590 _aCONVERSION
_b10
_c20130109
_lUCH01
_h1317
650 1 4 _aLenguajes de programación.
_965989
700 0 _aHorning, J. J.
_956262
700 0 _aWortman, D. B.
_9122766
830 0 _aSeries in automatic computation
_9105126
901 _aBK
942 _cLIBRO
949 _a001.6424 M34
_bBC
_cLIBRO
_d33724000293296
_eLIBRO
_h37261
_i34139
_si
999 _c29056
_d29056